000
00306nam a2200121Ia 4500
008
190802s9999 xx 000 0 und d
020
_a
0-19-945205-9
100
_a
Reema Thareja
245
0
_a
Introduction to C Programming
260
_a
USA
_b
Oxford University Press
_c
2017
300
_a
385:p
942
_c
BK
999
_c
2240
_d
2240